Točnostnyje charakteristiki upravljajuščich vyčislitel'nych mašin
Gespeichert in:
| 1. Verfasser: | |
|---|---|
| Format: | Buch |
| Sprache: | Russisch |
| Veröffentlicht: |
Moskva
Energoatomizdat
1983
|
| Tags: |
Keine Tags, Fügen Sie das erste Tag hinzu!
|
MARC
| LEADER | 00000nam a2200000 4500 | ||
|---|---|---|---|
| 001 | c132600 | ||
| 005 | 20041019155255.6 | ||
| 041 | 0 | |a rus | |
| 044 | |a RU | ||
| 245 | 1 | 0 | |a Točnostnyje charakteristiki upravljajuščich vyčislitel'nych mašin |c Jurij Arkad'jevič Želnov |
| 264 | 1 | |a Moskva |b Energoatomizdat |c 1983 | |
| 300 | |a 134 s. | ||
| 100 | 1 | |a Želnov, Jurij Arkad'jevič | |